|
|
|
|
| LEADER |
00000 a2200000 4500 |
| 003 |
CL-VaPUC |
| 005 |
20240402164831.0 |
| 008 |
240326t2021 ||||| |||| 00| 0 eng d |
| 999 |
|
|
|c 443232
|d 443230
|
| 020 |
|
|
|a 978-0357131695
|
| 040 |
|
|
|c Pontificia Universidad Católica de Valparaíso
|
| 082 |
|
7 |
|a 658.5 COL 2021
|2 22
|
| 100 |
|
|
|a Collier, David A
|9 572912
|e author
|
| 245 |
|
|
|a Operations and supply chain management.
|
| 250 |
|
|
|a 2nd. Edition.
|
| 260 |
|
|
|a Boston, USA:
|b Cengage,
|c 2021.
|
| 300 |
|
|
|a xvi, 686 páginas.
|
| 583 |
|
|
|k GC
|c 20240326
|
| 650 |
|
|
|a Industrias de servicio
|x Gestión
|9 887983
|
| 700 |
|
|
|a Evans, James R
|9 368603
|e author
|
| 942 |
|
|
|2 ddc
|c BK
|
| 952 |
|
|
|0 0
|1 0
|2 ddc
|4 0
|6 658_500000000000000_COL_2021
|7 0
|8 A
|9 593831
|a BIBING
|b BIBING
|d 2024-03-26
|e 1
|g 144750.00
|i 5660483
|l 2
|m 1
|o 658.5 COL 2021
|p 5660483
|r 2025-04-23
|s 2025-04-08
|t 1
|v 144750.00
|w 2024-03-26
|y BK
|k EII
|